| Tag |
First Indicator |
Second Indicator |
Subfields |
| LEADER |
00000cam a2200000 i 4500 |
| 001 |
in00005681007 |
| 005 |
20260205205500.5 |
| 006 |
m o d |
| 007 |
cr ||||||||||| |
| 008 |
151110s2014 cau fob 000 0 eng d |
| 040 |
|
|
|a UAB
|b eng
|e rda
|e pn
|c UAB
|d OCLCO
|d OCLCF
|d OCLCQ
|d COO
|d SAV
|d MERER
|d OCLCQ
|d SGPBL
|d OCLCQ
|d INT
|d OCLCQ
|d WYU
|d OCLCQ
|d AGL
|d K6U
|d OCLCO
|d OCLCQ
|d OCLCO
|d OCLCL
|
| 020 |
|
|
|a 9781473947054
|q (ebook)
|
| 020 |
|
|
|a 1473947057
|q (ebook)
|
| 035 |
|
|
|a (OCoLC)953359079
|
| 050 |
|
4 |
|a H62
|
| 070 |
0 |
|
|a H62
|
| 082 |
0 |
4 |
|a 300.723
|2 23
|
| 049 |
|
|
|a TXAM
|
| 100 |
1 |
|
|a Bretschneider, Pamela J.,
|e author.
|
| 245 |
1 |
0 |
|a Biographical research :
|b methodological insights /
|c Pamela J. Bretschneider.
|
| 264 |
|
1 |
|a [Los Angeles, California] :
|b SAGE,
|c 2014.
|
| 300 |
|
|
|a 1 online resource
|
| 336 |
|
|
|a text
|b txt
|2 rdacontent
|
| 337 |
|
|
|a computer
|b c
|2 rdamedia
|
| 338 |
|
|
|a online resource
|b cr
|2 rdacarrier
|
| 490 |
1 |
|
|a SAGE research methods. Cases
|
| 504 |
|
|
|a Includes bibliographical references.
|
| 520 |
8 |
|
|a This case study seeks to share the experience of collecting data for biography over a number of years and provide strategies (lessons learned) for students who plan to conduct biographical research.
|
| 588 |
0 |
|
|a Online resource; title from home page (viewed on November 10, 2015).
|
| 650 |
|
0 |
|a Social sciences
|x Biographical methods
|v Case studies.
|
| 650 |
|
6 |
|a Sciences sociales
|x Histoires de vie
|v Études de cas.
|
| 650 |
|
7 |
|a Social sciences
|x Biographical methods
|2 fast
|
| 655 |
|
7 |
|a Electronic books.
|2 local
|
| 655 |
|
7 |
|a Case studies
|2 fast
|
| 758 |
|
|
|i has work:
|a Biographical research (Text)
|1 https://id.oclc.org/worldcat/entity/E39PCGQ9c6BjcPwmTkG6kJrBxC
|4 https://id.oclc.org/worldcat/ontology/hasWork
|
| 830 |
|
0 |
|a SAGE research methods. Cases.
|
| 856 |
4 |
0 |
|u http://proxy.library.tamu.edu/login?url=https://methods.sagepub.com/case/biographical-research-methodological-insights
|z Connect to the full text of this electronic book
|t 0
|
| 936 |
|
|
|a BATCHLOAD
|
| 955 |
|
|
|a SAGE Research Methods Cases 1
|
| 994 |
|
|
|a 92
|b TXA
|
| 999 |
f |
f |
|i 0febb1f6-e84d-4333-a063-8c43d01836b1
|s 75ac7450-b1d6-4a3d-b9be-96177eca501c
|t 0
|
| 952 |
f |
f |
|a Texas A&M University
|b College Station
|c Electronic Resources
|s www_evans
|d Available Online
|t 0
|e H62
|h Library of Congress classification
|
| 998 |
f |
f |
|a H62
|t 0
|l Available Online
|